| 000 | 00536nam a2200169Ia 4500 | ||
|---|---|---|---|
| 008 | 090711s9999 xx 000 0 und d | ||
| 082 | _b54601 | ||
| 100 | _aबनारसे वि. ब. | ||
| 245 | _aअसं घडायला नक ो होत | ||
| 260 | _c1986 | ||
| 300 | _a149 | ||
| 600 | _aबनारसे वि. ब. | ||
| 630 | _aअसं घडायला नक ो होत | ||
| 700 | _aबनारसे वि. ब. | ||
| 730 | _aअसं घडायला नक ो होत | ||
| 942 | _cBOOK | ||
| 999 |
_c302570 _d302570 |
||